[Event "ESP-ch Universities"]
[Site "Alicante"]
[Date "2011.05.09"]
[Round "4"]
[White "Eyo Castro Rial, Alberto"]
[Black "Camacho Collados, Jose"]
[Result "0-1"]
[WhiteElo "2185"]
[BlackElo "2380"]
[PlyCount "48"]
[EventDate "2011.05.09"]
[EventType "team-swiss"]
[EventRounds "9"]
[EventCountry "ESP"]
[SourceTitle "CBM 142 Extra"]
[Source "ChessBase"]
[SourceDate "2011.06.27"]
[SourceVersion "1"]
[SourceVersionDate "2011.06.27"]
[SourceQuality "1"]

1. d4 Nf6 2. c4 g6 3. Nc3 d5 4. cxd5 Nxd5 5. Bd2 Nb6 6. Bf4 Bg7 7. Nf3 0-0 8. e3 c5 9. dxc5 N6d7 10. Be2 Nc6 11. 0-0 Nxc5 12. Rc1 Bf5 13. Nd5 Ne6 14. b3 Nxf4 15. Nxf4 Qa5 16. Qd2 Qa3 17. Bd3 Rad8 18. Qe2 Bg4 19. Be4 Nb4 20. Rc7 e5 21. Nd3 f5 22. Ndxe5 fxe4 23. Qc4+ Nd5 24. Rd1 Be6 0-1

[Event "Paleochora op 3rd"]
[Site "Paleochora"]
[Date "2010.07.25"]
[Round "5"]
[White "Eyo Castro Rial, Alberto"]
[Black "Lagno, Kateryna"]
[Result "0-1"]
[WhiteElo "2200"]
[BlackElo "2535"]
[PlyCount "68"]
[EventDate "2010.07.22"]
[EventType "swiss"]
[EventRounds "9"]
[EventCountry "GRE"]
[SourceTitle "CBM 137 Extra"]
[Source "ChessBase"]
[SourceDate "2010.09.01"]
[SourceVersion "1"]
[SourceVersionDate "2010.09.01"]
[SourceQuality "1"]

1. d4 Nf6 2. c4 g6 3. Nc3 Bg7 4. e4 d6 5. g3 Nc6 6. d5 Nb8 7. Bg2 0-0 8. Nge2 Nbd7 9. 0-0 c6 10. b3 a6 11. Bb2 Ne5 12. a4 Bg4 13. f3 cxd5 14. exd5 Qb6+ 15. Kh1 Bf5 16. Nc1 Nxc4 17. bxc4 Qxb2 18. N1e2 Qb4 19. g4 Bd7 20. Rb1 Qxc4 21. Rxb7 Rab8 22. Qb1 Rxb7 23. Qxb7 Bxa4 24. Ra1 Bb5 25. Rb1 Nxg4 26. fxg4 Bxc3 27. Nxc3 Qxc3 28. Qxe7 Re8 29. Qh4 Re2 30. Rg1 Qe5 31. Qd8+ Kg7 32. g5 Bc4 33. Qf6+ Qxf6 34. gxf6+ Kxf6 0-1

[Event "Malaga op 12th"]
[Site "Malaga"]
[Date "2009.07.13"]
[Round "4"]
[White "Morales de la Rosa, Enrique"]
[Black "Eyo Castro Rial, Alberto"]
[Result "0-1"]
[WhiteElo "1993"]
[BlackElo "2196"]
[PlyCount "86"]
[EventDate "2009.07.11"]
[EventType "swiss"]
[EventRounds "9"]
[EventCountry "ESP"]
[SourceTitle "CBM 131 Extra"]
[Source "ChessBase"]
[SourceDate "2009.09.03"]
[SourceVersion "2"]
[SourceVersionDate "2009.09.16"]
[SourceQuality "1"]

1. d4 Nf6 2. Nf3 g6 3. c4 c5 4. g3 Bg7 5. Bg2 0-0 6. 0-0 d6 7. Nc3 Nc6 8. dxc5 dxc5 9. Qxd8 Rxd8 10. Be3 Nd4 11. Bxd4 cxd4 12. Rad1 Be6 13. Rxd4 Rxd4 14. Nxd4 Bxc4 15. Rd1 h5 16. h3 Rb8 17. b3 Ba6 18. e3 Ne8 19. Bf1 Bxf1 20. Kxf1 Rc8 21. Nce2 Nd6 22. Rc1 Rxc1+ 23. Nxc1 Bxd4 24. exd4 Nf5 25. Ne2 Kf8 26. Ke1 Ke8 27. Kd2 Kd7 28. Kd3 Kc6 29. Nc3 b5 30. Ne4 Nd6 31. Nxd6 Kxd6 32. Ke4 e6 33. h4 f6 34. f3 Kc6 35. Ke3 Kd5 36. Kd3 g5 37. Ke3 e5 38. dxe5 Kxe5 39. f4+ gxf4+ 40. gxf4+ Kf5 41. Kf3 b4 42. Ke3 Kg4 43. Ke4 Kxh4 0-1

[Event "Sanxenxo Carlos op"]
[Site "Sanxenxo"]
[Date "2009.06.27"]
[Round "8"]
[White "Guerra Bastida, Diego"]
[Black "Eyo Castro Rial, Alberto"]
[Result "1-0"]
[WhiteElo "2420"]
[BlackElo "2193"]
[PlyCount "59"]
[EventDate "2009.06.20"]
[EventType "swiss"]
[EventRounds "9"]
[EventCountry "ESP"]
[SourceTitle "CBM 131 Extra"]
[Source "ChessBase"]
[SourceDate "2009.09.03"]
[SourceVersion "2"]
[SourceVersionDate "2009.09.16"]
[SourceQuality "1"]

1. e4 e6 2. d4 d5 3. Nc3 Nf6 4. e5 Nfd7 5. Nf3 c5 6. dxc5 Nc6 7. Bf4 Bxc5 8. Bd3 f6 9. exf6 Nxf6 10. 0-0 0-0 11. Bg3 Nh5 12. Bh4 Qe8 13. Nb5 Nf4 14. Nc7 Qh5 15. Nxa8 e5 16. Bg3 e4 17. Bxf4 exf3 18. Qxf3 Qxf3 19. gxf3 Rxf4 20. Nc7 Bh3 21. Nxd5 Rf8 22. Be4 Bxf1 23. Rxf1 Nd4 24. Kg2 b6 25. Re1 g5 26. a3 Nb5 27. Bd3 a6 28. a4 Na7 29. b4 Bd6 30. Nxb6 1-0

[Event "ESP-ch U26"]
[Site "La Pineda"]
[Date "2009.05.14"]
[Round "7"]
[White "Eyo Castro Rial, Alberto"]
[Black "Hernandez Leon, Alberto"]
[Result "1-0"]
[WhiteElo "2193"]
[BlackElo "2254"]
[PlyCount "99"]
[EventDate "2009.05.12"]
[EventType "swiss"]
[EventRounds "9"]
[EventCountry "ESP"]
[SourceTitle "CBM 130 Extra"]
[Source "ChessBase"]
[SourceDate "2009.07.02"]
[SourceVersion "2"]
[SourceVersionDate "2009.07.15"]
[SourceQuality "1"]

1. e4 c5 2. Nc3 a6 3. Nge2 d6 4. g3 b5 5. Bg2 Bb7 6. d4 cxd4 7. Nxd4 Nf6 8. 0-0 e6 9. Re1 Qc7 10. Qe2 Be7 11. a4 b4 12. Nd5 Nxd5 13. exd5 e5 14. Nf5 Bf6 15. f4 Nd7 16. fxe5 Nxe5 17. Bf4 0-0 18. Nxd6 Qxd6 19. Bxe5 Qc5+ 20. Qf2 Rfc8 21. Bxf6 Qxf2+ 22. Kxf2 Rxc2+ 23. Re2 Rxe2+ 24. Kxe2 gxf6 25. Kd3 Rc8 26. Re1 Kf8 27. Be4 a5 28. d6 Bc6 29. b3 f5 30. Bxf5 Rd8 31. d7 Bxd7 32. Bxd7 Rxd7+ 33. Kc4 Rd2 34. Kb5 Rd5+ 35. Kb6 h5 36. Rc1 h4 37. gxh4 Ke7 38. Rc5 Rd3 39. Kxa5 Rxb3 40. Rc4 Rb2 41. Rxb4 Rxh2 42. Kb6 f5 43. a5 f4 44. Rxf4 Rb2+ 45. Ka6 Kd6 46. Rf6+ Kc7 47. h5 Rh2 48. h6 Rh5 49. Rf7+ Kb8 50. h7 1-0

[Event "Burgas op 17th"]
[Site "Ourense"]
[Date "2008.07.05"]
[Round "3"]
[White "Eyo Castro Rial, Alberto"]
[Black "Rey Torres, Salvador"]
[Result "1-0"]
[WhiteElo "2192"]
[BlackElo "1906"]
[PlyCount "83"]
[EventDate "2008.07.03"]
[EventType "swiss"]
[EventRounds "9"]
[EventCountry "ESP"]
[SourceTitle "CBM 125 Extra"]
[Source "ChessBase"]
[SourceDate "2008.09.01"]
[SourceVersion "1"]
[SourceVersionDate "2008.09.01"]
[SourceQuality "1"]

1. e4 e5 2. Nf3 Nc6 3. Bb5 Nge7 4. 0-0 g6 5. c3 Bg7 6. d4 exd4 7. cxd4 d5 8. exd5 Nxd5 9. Re1+ Be6 10. Ng5 Qd6 11. Nc3 Nxc3 12. bxc3 0-0 13. Nxe6 fxe6 14. Bc4 Rae8 15. a4 Rf5 16. Ba3 Qd7 17. Qb3 Nd8 18. Re2 Kh8 19. Rae1 e5 20. h3 Nc6 21. Bd3 Rg5 22. Kh2 Rd8 23. Qxb7 Rb8 24. Qa6 Rb3 25. Bc1 Rb6 26. Qc4 Na5 27. Qa2 Rh5 28. Bc2 Qd6 29. Qf7 Rb8 30. dxe5 Rxe5 31. Rxe5 Bxe5+ 32. f4 Bg7 33. Re7 Qf6 34. Qxf6 Bxf6 35. Rxc7 a6 36. Be3 Rb2 37. Bd3 Rb3 38. Bxa6 Rxc3 39. Rxc3 Bxc3 40. Kg3 Kg7 41. Kf3 Kf6 42. Ke4 1-0

[Event "ESP-ch Universities"]
[Site "Madrid"]
[Date "2008.05.09"]
[Round "6"]
[White "Andres Gonzalez, Ivan"]
[Black "Eyo Castro Rial, Alberto"]
[Result "1-0"]
[WhiteElo "2324"]
[BlackElo "2189"]
[PlyCount "89"]
[EventDate "2008.05.08"]
[EventType "swiss"]
[EventRounds "9"]
[EventCountry "ESP"]
[SourceTitle "CBM 124 Extra"]
[Source "ChessBase"]
[SourceDate "2008.07.03"]
[SourceVersion "1"]
[SourceVersionDate "2008.07.03"]
[SourceQuality "1"]

1. e4 e6 2. d4 d5 3. Nc3 Nf6 4. Bg5 dxe4 5. Nxe4 Be7 6. Bxf6 Bxf6 7. Nf3 Nd7 8. Bd3 0-0 9. Qe2 c5 10. Nxf6+ Qxf6 11. 0-0 cxd4 12. Qe4 g6 13. Qxd4 Qxd4 14. Nxd4 Nc5 15. Rfd1 a6 16. f4 b5 17. Nb3 Nxb3 18. axb3 Bb7 19. b4 Rfd8 20. Be2 Rac8 21. c3 Rxd1+ 22. Rxd1 Bd5 23. Kf2 Kf8 24. g3 Ke7 25. Ke3 h5 26. Bf1 h4 27. g4 f5 28. Be2 h3 29. Ra1 Rc6 30. gxf5 exf5 31. Bf1 Re6+ 32. Kf2 Bc4 33. Re1 Bxf1 34. Kxf1 Rxe1+ 35. Kxe1 Ke6 36. Ke2 Kd6 37. Kd3 Ke6 38. Kd4 Kf6 39. b3 g5 40. fxg5+ Kxg5 41. c4 bxc4 42. bxc4 Kf6 43. Kd5 Kg5 44. c5 Kf6 45. Kd6 1-0

[Event "ESP-ch Universities"]
[Site "Madrid"]
[Date "2008.05.09"]
[Round "5"]
[White "Eyo Castro Rial, Alberto"]
[Black "Gavilan Diaz, Mario"]
[Result "1-0"]
[WhiteElo "2189"]
[BlackElo "2300"]
[PlyCount "99"]
[EventDate "2008.05.08"]
[EventType "swiss"]
[EventRounds "9"]
[EventCountry "ESP"]
[SourceTitle "CBM 124 Extra"]
[Source "ChessBase"]
[SourceDate "2008.07.03"]
[SourceVersion "1"]
[SourceVersionDate "2008.07.03"]
[SourceQuality "1"]

1. e4 c5 2. Nc3 a6 3. Nf3 d6 4. d4 cxd4 5. Nxd4 Nf6 6. Be3 e5 7. Nb3 Be6 8. f3 Nbd7 9. Qd2 Be7 10. g4 Nb6 11. g5 Nfd7 12. h4 0-0 13. 0-0-0 f5 14. gxf6 Nxf6 15. Kb1 Nh5 16. Bh3 Bf7 17. Na5 Qc7 18. Rhg1 Nc4 19. Nxc4 Bxc4 20. Nd5 Bxd5 21. Qxd5+ Kh8 22. Bf5 Qc6 23. Qe6 Qe8 24. Rg2 Rf6 25. Qb3 g6 26. Bg4 Qb5 27. Qxb5 axb5 28. Bg5 Nf4 29. Bxf6+ Bxf6 30. Rgd2 Be7 31. a3 Rd8 32. h5 gxh5 33. Bf5 h4 34. Rg1 h6 35. b3 Bg5 36. Rgd1 Be7 37. c4 bxc4 38. bxc4 Ra8 39. Rb2 Ra7 40. c5 dxc5 41. Rd7 Bf6 42. Rf7 Bg7 43. Rc7 Kg8 44. Rd2 Bf6 45. Rc8+ Kf7 46. Rd7+ Be7 47. Rcc7 h3 48. Rxe7+ Kf8 49. Rf7+ Ke8 50. Rh7 1-0

[Event "Malaga op 11th"]
[Site "Malaga"]
[Date "2008.02.24"]
[Round "3"]
[White "Eyo Castro Rial, Alberto"]
[Black "Roeder, Mathias"]
[Result "0-1"]
[WhiteElo "2219"]
[BlackElo "2461"]
[PlyCount "54"]
[EventDate "2008.02.23"]
[EventType "swiss"]
[EventRounds "9"]
[EventCountry "ESP"]
[SourceTitle "CBM 123 Extra"]
[Source "ChessBase"]
[SourceDate "2008.05.06"]
[SourceVersion "1"]
[SourceVersionDate "2008.05.06"]
[SourceQuality "1"]

1. e4 c5 2. Nf3 d6 3. d4 cxd4 4. Nxd4 Nf6 5. Nc3 a6 6. Be3 e5 7. Nb3 Be7 8. f3 Be6 9. Qd2 0-0 10. 0-0-0 Nbd7 11. g4 b5 12. g5 b4 13. Ne2 Ne8 14. Ng3 a5 15. Kb1 a4 16. Nc1 b3 17. cxb3 axb3 18. a3 Nc7 19. h4 d5 20. exd5 Nxd5 21. Bf2 Qc7 22. h5 Bxa3 23. bxa3 Nc3+ 24. Kb2 Nc5 25. Bxc5 Nxd1+ 26. Qxd1 Qxc5 27. Ne4 Qxa3+ 0-1

[Event "Cambados op 23rd"]
[Site "Cambados"]
[Date "2007.08.07"]
[Round "6"]
[White "Eyo Castro Rial, Alberto"]
[Black "Lago Fernandez, Fernando"]
[Result "1-0"]
[WhiteElo "2192"]
[BlackElo "1925"]
[PlyCount "109"]
[EventDate "2007.08.02"]
[EventType "swiss"]
[EventRounds "9"]
[EventCountry "ESP"]
[SourceTitle "CBM 119 Extra"]
[Source "ChessBase"]
[SourceDate "2007.09.04"]
[SourceVersion "1"]
[SourceVersionDate "2007.09.04"]
[SourceQuality "1"]

1. e4 e5 2. Nf3 Nc6 3. Bb5 a6 4. Ba4 Nf6 5. d3 b5 6. Bb3 Bc5 7. c3 0-0 8. Nbd2 d6 9. 0-0 h6 10. Re1 Ng4 11. Re2 Bb6 12. Nf1 Re8 13. d4 exd4 14. cxd4 Nf6 15. h3 Bb7 16. Ng3 Qd7 17. Bf4 Rad8 18. Qd2 Kh7 19. Bc2 Ng8 20. Rae1 Ba5 21. Qc1 Bxe1 22. Rxe1 Nce7 23. h4 Kh8 24. h5 Rc8 25. Qd2 c5 26. dxc5 Rxc5 27. Bb3 Rf8 28. Ne5 Qe8 29. Qxd6 Rc8 30. Rd1 Nc6 31. Nd7 Rd8 32. Qxf8 Qxf8 33. Nxf8 Rxf8 34. Rd7 Ba8 35. Rxf7 Rxf7 36. Bxf7 Nd8 37. Bb3 Ne7 38. f3 a5 39. a3 Ndc6 40. Bd6 Nd4 41. Bf7 Nc8 42. Bc7 b4 43. Bxa5 bxa3 44. bxa3 Nd6 45. Ba2 Nb7 46. Bc3 Nb5 47. Bb2 Nc5 48. Nf5 Na4 49. Bxg7+ Kh7 50. Bxh6 Nxa3 51. g4 Nc3 52. Bf7 Nxe4 53. fxe4 Bxe4 54. Bf8 Nb5 55. g5 1-0

[Event "ESP-ch Student"]
[Site "Cartagena"]
[Date "2007.05.07"]
[Round "2"]
[White "Eyo Castro Rial, Alberto"]
[Black "Trent, Lawrence"]
[Result "0-1"]
[WhiteElo "2176"]
[BlackElo "2453"]
[PlyCount "38"]
[EventDate "2007.05.06"]
[EventType "swiss"]
[EventRounds "9"]
[EventCountry "ESP"]
[SourceTitle "CBM 118 Extra"]
[Source "ChessBase"]
[SourceDate "2007.07.04"]
[SourceVersion "1"]
[SourceVersionDate "2007.07.04"]
[SourceQuality "1"]

1. e4 e5 2. Nf3 Nc6 3. d4 exd4 4. Bc4 Nf6 5. e5 d5 6. Bb5 Ne4 7. Nxd4 Bd7 8. Bxc6 bxc6 9. 0-0 Bc5 10. Be3 Bb6 11. f3 Ng5 12. Qd2 h6 13. Re1 c5 14. Nb3 d4 15. Bf2 Bc6 16. a4 Qd5 17. a5 Nxf3+ 18. gxf3 Qxf3 19. Kf1 Qg2+ 0-1

[Event "Burgas op 15th"]
[Site "Ourense"]
[Date "2006.??.??"]
[Round "6"]
[White "Eyo Castro Rial, Alberto"]
[Black "Barbosa, Fabio Emanuel Olive"]
[Result "1-0"]
[WhiteElo "2178"]
[BlackElo "2015"]
[PlyCount "91"]
[EventDate "2006.07.04"]
[EventType "swiss"]
[EventRounds "9"]
[EventCountry "ESP"]
[SourceTitle "CBM 113 Extra"]
[Source "ChessBase"]
[SourceDate "2006.09.14"]
[SourceVersion "1"]
[SourceVersionDate "2006.09.14"]
[SourceQuality "1"]

1. e4 d6 2. d4 Nf6 3. Bd3 e5 4. Nf3 Nbd7 5. c3 Be7 6. 0-0 0-0 7. Re1 c5 8. h3 b6 9. b3 Bb7 10. Bb2 Rc8 11. Nbd2 Qc7 12. Rc1 Qb8 13. Bb1 Rfe8 14. a4 Bf8 15. dxc5 Nxc5 16. b4 Ne6 17. c4 Qa8 18. Nh2 a5 19. b5 Nc5 20. f3 g6 21. Ndf1 Qb8 22. Ne3 Bh6 23. Nhg4 Nxg4 24. hxg4 Qc7 25. g3 Qe7 26. Bd3 Rc7 27. Bf1 Rec8 28. Qc2 Qf6 29. Kg2 Qe6 30. Rcd1 Rf8 31. Nd5 Bxd5 32. Rxd5 Bg5 33. f4 Bf6 34. g5 Bh8 35. f5 Qe7 36. f6 Qe6 37. Qd1 Nb7 38. Be2 Rc5 39. Bg4 Rxd5 40. exd5 Qe8 41. Rh1 Qd8 42. Bf3 Qc7 43. Rh4 Rc8 44. Qh1 h5 45. Bxh5 e4 46. Be2 1-0

[Event "Burgas op 15th"]
[Site "Ourense"]
[Date "2006.??.??"]
[Round "7"]
[White "Pereira, Antonio Pedro Dias"]
[Black "Eyo Castro Rial, Alberto"]
[Result "0-1"]
[WhiteElo "1999"]
[BlackElo "2178"]
[PlyCount "48"]
[EventDate "2006.07.04"]
[EventType "swiss"]
[EventRounds "9"]
[EventCountry "ESP"]
[SourceTitle "CBM 113 Extra"]
[Source "ChessBase"]
[SourceDate "2006.09.14"]
[SourceVersion "1"]
[SourceVersionDate "2006.09.14"]
[SourceQuality "1"]

1. e4 e6 2. d4 d5 3. Nc3 Nf6 4. Bg5 dxe4 5. Nxe4 Be7 6. Bxf6 Bxf6 7. Nf3 Nd7 8. Qd2 0-0 9. 0-0-0 b6 10. Bc4 Bb7 11. Rhe1 a6 12. d5 e5 13. d6 Bxe4 14. dxc7 Qxc7 15. Rxe4 Nc5 16. Ree1 e4 17. Nd4 Rfd8 18. Qe3 b5 19. Bf1 Rxd4 20. Rxd4 Qe5 21. Rd2 Qxb2+ 22. Kd1 Na4 23. Rd7 Nc3+ 24. Kd2 Qb4 0-1

[Event "Narciso Yepes Memorial"]
[Site "Lorca"]
[Date "2004.??.??"]
[Round "6"]
[White "Eyo Castro Rial, Alberto"]
[Black "Espineira Gonzalez, Diego Adrian"]
[Result "0-1"]
[WhiteElo "2082"]
[BlackElo "2260"]
[PlyCount "76"]
[EventDate "2004.06.26"]
[EventType "swiss"]
[EventRounds "9"]
[EventCountry "ESP"]
[SourceTitle "EXT 2005"]
[Source "ChessBase"]
[SourceDate "2004.11.15"]
[SourceVersion "1"]
[SourceVersionDate "2004.11.15"]
[SourceQuality "1"]

1. e4 d6 2. d4 Nf6 3. Bd3 e5 4. c3 Nbd7 5. Nf3 Be7 6. 0-0 0-0 7. Re1 c6 8. Nbd2 Qc7 9. Nf1 Re8 10. Ng3 Bf8 11. Bc2 g6 12. b4 a5 13. Bb3 axb4 14. cxb4 exd4 15. Nxd4 Qb6 16. Rb1 d5 17. Nf3 Qxb4 18. exd5 Rxe1+ 19. Nxe1 Nxd5 20. Nd3 Qa5 21. Qf3 N7f6 22. h3 Bg7 23. Bb2 Be6 24. Ne2 Bf5 25. Ng3 Be6 26. Ne2 Re8 27. Nd4 Bc8 28. Rc1 Qd8 29. g4 Ne4 30. Nc5 Nd2 31. Qg3 Nxb3 32. Ncxb3 Be5 33. Nxc6 Bxg3 34. Nxd8 Bxf2+ 35. Kxf2 Rxd8 36. Nc5 f5 37. gxf5 Bxf5 38. Nxb7 Rb8 0-1

[Event "Narciso Yepes Memorial"]
[Site "Lorca"]
[Date "2004.??.??"]
[Round "3"]
[White "Kovacevic, Slobodan"]
[Black "Eyo Castro Rial, Alberto"]
[Result "1-0"]
[WhiteElo "2396"]
[BlackElo "2082"]
[PlyCount "123"]
[EventDate "2004.06.26"]
[EventType "swiss"]
[EventRounds "9"]
[EventCountry "ESP"]
[SourceTitle "EXT 2005"]
[Source "ChessBase"]
[SourceDate "2004.11.15"]
[SourceVersion "1"]
[SourceVersionDate "2004.11.15"]
[SourceQuality "1"]

1. d4 f5 2. Nf3 Nf6 3. h3 d6 4. Bf4 c5 5. e3 h6 6. Nbd2 g5 7. Bh2 cxd4 8. exd4 Bg7 9. c3 0-0 10. Bc4+ Kh8 11. 0-0 Nc6 12. Re1 d5 13. Bb5 Ne4 14. Bxc6 bxc6 15. Be5 c5 16. dxc5 Nxc5 17. Nb3 Ne4 18. Qd4 Rf7 19. Rad1 Bb7 20. Bxg7+ Rxg7 21. Ne5 Qb6 22. f3 Nf6 23. g4 Rf8 24. Qxb6 axb6 25. Nd4 Bc8 26. gxf5 Kh7 27. Ng6 Re8 28. Ne6 Rf7 29. Ne5 Bxe6 30. fxe6 Rg7 31. Nd7 Rg6 32. Rd2 b5 33. Nxf6+ Rxf6 34. Kg2 Rf5 35. Rd4 Ra8 36. a3 Ra4 37. Red1 Rxd4 38. Rxd4 Re5 39. Kf2 Kg6 40. Rb4 Rxe6 41. Rxb5 Rd6 42. a4 d4 43. cxd4 Rxd4 44. b4 Rd2+ 45. Ke3 Ra2 46. a5 h5 47. Rb6+ Kf5 48. a6 Ra3+ 49. Ke2 Kf4 50. b5 Ra2+ 51. Kd3 Kxf3 52. Re6 g4 53. hxg4 hxg4 54. Rxe7 Ra3+ 55. Kc4 g3 56. Rf7+ Ke3 57. Rg7 Kf2 58. Kb4 Ra1 59. a7 g2 60. b6 g1Q 61. Rxg1 Kxg1 62. Kc5 1-0

[Event "Galicia-ch U20"]
[Site "Padron"]
[Date "2003.12.30"]
[Round "8.2"]
[White "Espineira Gonzalez, Diego Adrian"]
[Black "Eyo Castro Rial, Alberto"]
[Result "1-0"]
[WhiteElo "2244"]
[BlackElo "2108"]
[PlyCount "79"]
[EventDate "2003.12.26"]
[EventType "swiss"]
[EventRounds "8"]
[EventCountry "ESP"]
[SourceTitle "CBM 098 Extra"]
[Source "ChessBase"]
[SourceDate "2004.03.10"]
[SourceVersion "2"]
[SourceVersionDate "2004.03.10"]
[SourceQuality "1"]

1. e4 e6 2. d4 d5 3. Nd2 dxe4 4. Nxe4 Nd7 5. Bd3 Ngf6 6. Nxf6+ Nxf6 7. Nf3 c5 8. dxc5 Bxc5 9. Qe2 Qb6 10. c3 a6 11. 0-0 h6 12. Ne5 0-0 13. Kh1 Qc7 14. h3 b5 15. a4 Rb8 16. axb5 axb5 17. Ng4 Nxg4 18. hxg4 Bb7 19. Bxb5 Qd8 20. Bf4 Qh4+ 21. Kg1 f5 22. b4 fxg4 23. bxc5 Bxg2 24. Kxg2 Qh3+ 25. Kg1 Rxf4 26. Bc6 g3 27. fxg3 Qxg3+ 28. Bg2 Rh4 29. Rf3 Qg5 30. Qxe6+ Kh8 31. Qe3 Qg6 32. Qd3 Qg5 33. Rf5 Qg4 34. Raf1 g6 35. Rf8+ Rxf8 36. Rxf8+ Kg7 37. Rd8 Rh1+ 38. Kxh1 Qh4+ 39. Kg1 Qe1+ 40. Bf1 1-0

[Event "Peregrina op 18th"]
[Site "Pontevedra"]
[Date "2002.08.17"]
[Round "5.8"]
[White "Wohl, Aleksandar H"]
[Black "Eyo Castro Rial, Alberto"]
[Result "1-0"]
[WhiteElo "2419"]
[BlackElo "2134"]
[PlyCount "35"]
[EventDate "2002.08.13"]
[EventType "swiss"]
[EventRounds "9"]
[EventCountry "ESP"]
[SourceTitle "EXT 2003"]
[Source "ChessBase"]
[SourceDate "2002.11.25"]
[SourceVersion "1"]
[SourceVersionDate "2002.11.25"]
[SourceQuality "1"]

1. Nf3 f5 2. d3 d6 3. c4 Nf6 4. Bg5 Nbd7 5. Nd4 Ne5 6. Bxf6 exf6 7. g3 d5 8. Bg2 dxc4 9. dxc4 Bb4+ 10. Nc3 c6 11. 0-0 0-0 12. Rc1 a5 13. Na4 Qc7 14. c5 b5 15. cxb6 Qf7 16. Nxc6 Nxc6 17. Rxc6 Rb8 18. Bd5 1-0

[Event "Peregrina op 18th"]
[Site "Pontevedra"]
[Date "2002.08.14"]
[Round "2.3"]
[White "Eyo Castro Rial, Alberto"]
[Black "Movsziszian, Karen"]
[Result "0-1"]
[WhiteElo "2134"]
[BlackElo "2505"]
[PlyCount "54"]
[EventDate "2002.08.13"]
[EventType "swiss"]
[EventRounds "9"]
[EventCountry "ESP"]
[SourceTitle "EXT 2003"]
[Source "ChessBase"]
[SourceDate "2002.11.25"]
[SourceVersion "1"]
[SourceVersionDate "2002.11.25"]
[SourceQuality "1"]

1. e4 g6 2. d4 Bg7 3. Nc3 d6 4. f4 a6 5. a4 Nf6 6. Nf3 0-0 7. Bd3 Nc6 8. 0-0 Bg4 9. Be3 e5 10. fxe5 dxe5 11. d5 Nd4 12. Ne2 Nxf3+ 13. gxf3 Bh3 14. Rf2 Nh5 15. Kh1 f5 16. Ng1 fxe4 17. fxe4 Qh4 18. Qe1 Qg4 19. Qe2 Rxf2 20. Qxf2 Rf8 21. Qe2 Qd7 22. Re1 Bg4 23. Qg2 Nf4 24. Qg3 h5 25. h3 Nxh3 26. b3 Nf4 27. Rf1 g5 0-1

[Event "Ferrol op 18th"]
[Site "Ferrol"]
[Date "2002.07.20"]
[Round "4"]
[White "Eyo Castro Rial, Alberto"]
[Black "Pina Sierra, Julia"]
[Result "0-1"]
[WhiteElo "2134"]
[BlackElo "2050"]
[PlyCount "86"]
[EventDate "2002.07.17"]
[EventType "swiss"]
[EventRounds "9"]
[EventCountry "ESP"]
[SourceTitle "CBM 089 Extra"]
[Source "ChessBase"]
[SourceDate "2002.09.10"]
[SourceVersion "2"]
[SourceVersionDate "2002.09.10"]
[SourceQuality "1"]

1. e4 c5 2. Nc3 Nc6 3. Nge2 g6 4. g3 Bg7 5. Bg2 d6 6. d3 e6 7. 0-0 Rb8 8. Be3 Nd4 9. Rb1 Bd7 10. f4 Ne7 11. Bf2 0-0 12. Nxd4 cxd4 13. Ne2 Nc6 14. c3 dxc3 15. bxc3 f5 16. Qb3 Kh8 17. d4 e5 18. d5 Na5 19. Qb4 b6 20. Qxd6 Nc4 21. Qb4 Nd2 22. a4 Nxb1 23. Rxb1 fxe4 24. Bxe4 Bg4 25. Rb2 Bxe2 26. Rxe2 exf4 27. c4 fxg3 28. Bxg3 Qg5 29. Bg2 Rbe8 30. Qd2 Qf6 31. d6 Rxe2 32. Qxe2 Qd4+ 33. Kh1 Qa1+ 34. Qe1 Qxe1+ 35. Bxe1 Rd8 36. Bg3 h5 37. Bh3 g5 38. d7 g4 39. Bg2 Rxd7 40. Bd5 Bf6 41. Bf4 Re7 42. Kg2 Re2+ 43. Kg3 Be5 0-1